|
|
|
|
| LEADER |
00000nam0a2200000 4500 |
| 001 |
112432 |
| 005 |
20231031121442.0 |
| 010 |
|
|
|a 5280028932
|
| 020 |
|
|
|a RU
|b 93-22611
|
| 035 |
|
|
|a (RuTPU)RU\TPU\book\121561
|
| 090 |
|
|
|a 112432
|
| 100 |
|
|
|a 20070328d1993 m y0rusy5003 ca
|
| 101 |
1 |
|
|a rus
|c eng
|
| 102 |
|
|
|a RU
|
| 105 |
|
|
|a y z 000ay
|
| 200 |
1 |
|
|a Любовница французского лейтенанта
|e Роман
|e Пер. с англ.
|f Дж. Фаулз
|g авт. послесл. А. Долинин
|
| 210 |
|
|
|a СПб.
|c Художественная литература
|d 1993
|
| 215 |
|
|
|a 480 с.
|d 21 см
|
| 610 |
1 |
|
|a романы
|
| 610 |
1 |
|
|a Англия
|
| 610 |
1 |
|
|a 19 век
|
| 610 |
1 |
|
|a английская литература
|
| 675 |
|
|
|a 82
|z rus
|v 3
|
| 700 |
|
1 |
|a Фаулз
|b Дж.
|g Джон
|4 070
|
| 702 |
|
1 |
|a Долинин
|b А.
|4 075
|
| 801 |
|
0 |
|a RU
|b RuMRKP
|c 19950413
|g psbo
|
| 801 |
|
1 |
|a RU
|b 63413507
|c 20070328
|g PSBO
|
| 801 |
|
2 |
|a RU
|b 63413507
|c 20070903
|g PSBO
|
| 942 |
|
|
|c BK
|